00639nam a22001817a 4500999001900000005001700019010001500036020002700051035001400078037001300092082001100105245005700116260003500173270008300208300002000291942002500311952012100336 c165022d16502220190603130736.0 aENG-125368 a9788193231944c1295.00 aEN-108900 bDBAD/PUB a220.21 aVeda and Vedic literature /ced.by Hans Henrich Hock aNew DelhibDK Publishersc2016 a4224/1, Ansari Road, DaryaganjbNew Delhie110002k011-41562573minfo@dkpd.com a224p.c24cm(Hb) 2ddccENmVEDh220.21 001040708NFICaLbLd2019-06-03eDBAD/PUBg1295.00l0o220.21 VEDpEN-108900r2019-06-03 00:00:00t1v1295.00yEN